Ekstraklasa 2024/2025 - Statystyki

Ogólne statystyki
  • Ten quiz został rozwiązany 30 razy
  • Średni wynik to 17 z 18
Statystyki odpowiedzi
Miejsce w tabeli Punkty Drużyna % Poprawnych
5 54 Legia Warszawa
100%
17 30 Śląsk Wrocław
100%
6 51 Cracovia
96%
3 61 Jagiellonia Białystok
96%
14 37 Lechia Gdańsk
96%
1 70 Lech Poznań
96%
7 49 Motor Lublin
96%
10 45 Piast Gliwice
96%
4 58 Pogoń Szczecin
96%
2 69 Raków Częstochowa
96%
16 31 Stal Mielec
96%
8 49 GKS Katowice
93%
15 36 Zagłębie Lubin
93%
9 47 Górnik Zabrze
89%
12 41 Radomiak Radom
89%
13 40 Widzew Łódź
89%
18 28 Puszcza Niepołomice
85%
11 45 Korona Kielce
81%
Nie znaleziono quizów pasujących do podanych kryteriów
Rozkład punktacji
Procent ludzi z każdym wynikiem
Percentyl według liczby udzielonych odpowiedzi
Twoja historia wyników
Nie rozwiązałeś tego quizu